000
00310nam a2200145Ia 4500
100
_a
Heltihewa/ Sanjaya
942
_c
BK
654
_a
T.Y.
245
_a
T.Y. Active Server P. 2.0. IN 21 days
260
_b
Techmedia
_c
1999
082
_a
5.133
_b
ASP(W)
300
_a
724
546
_a
ENGLISH
999
_c
24476
_d
24476